| 000 | 00368nam a2200169Ia 4500 | ||
|---|---|---|---|
| 008 | 210210b xxu||||| |||| 00| 0 eng d | ||
| 041 | _aeng | ||
| 082 | _a871/213 | ||
| 100 | _aSRI VALMIKI RAMAYANAM | ||
| 245 | _aKerala Varma thampuran | ||
| 260 |
_a _b- _c |
||
| 650 | _aVarma | ||
| 650 | _athampuran | ||
| 650 | _aKerala | ||
| 690 | _aMalayalam | ||
| 906 | _a002457 | ||
| 999 |
_c124424 _d124424 |
||